| 000 | 01436cam a22003737a 4500 | ||
|---|---|---|---|
| 003 | CHAP | ||
| 005 | 20220329133226.0 | ||
| 008 | 971013s1991 r 00010 d | ||
| 010 | _a3630 | ||
| 011 | _a4602 | ||
| 035 | _a3806 | ||
| 040 | _cCHAP | ||
| 090 | _aTesis | ||
| 100 | 0 | 0 |
_aCervantes González, Jorge. _921572 |
| 245 | 0 | _aDeterminación y cuantificación de resíduos e insecticidas organofosforados presentes en jitomate y pepino en diversas temporadas del año en mercados capitalinos y de Texcoco, México | |
| 260 |
_aChapingo, Méx. : _bEl autor, _c1991 |
||
| 300 |
_a55 h. _e+ Anexo |
||
| 502 | _aTesis (Ing. Agr. Esp. en Parasitología Agrícola) -- UACH. Departamento de Parasitología Agrícola | ||
| 590 |
_aALEPH _b10 _c20130110 _lUCH01 _h1215 |
||
| 590 |
_aBATCH-UPD _b10 _c20130110 _lUCH01 _h0029 |
||
| 590 |
_aBATCH-UPD _b10 _c20130110 _lUCH01 _h1607 |
||
| 590 |
_aBATCH-UPD _b10 _c20130409 _lUCH01 _h2011 |
||
| 590 |
_aBATCH-UPD _b10 _c20130410 _lUCH01 _h1003 |
||
| 590 |
_aBATCH-UPD _b10 _c20130914 _lUCH01 _h0116 |
||
| 590 |
_aCONVERSION _b10 _c20130109 _lUCH01 _h1303 |
||
| 650 | 1 | 4 |
_aAlimentos _xContaminación por insecticidas. _94207 |
| 650 | 1 | 4 |
_aCultivos _xContaminación por insecticidas. _930246 |
| 650 | 1 | 4 |
_aInsecticidas. _958855 |
| 650 | 1 | 4 |
_aPepino _xMéxico (Edo.) _986918 |
| 650 | 1 | 4 |
_aTomate _zMéxico (Edo.). _9113786 |
| 901 | _aBK | ||
| 942 | _cTESIS | ||
| 949 |
_bBC _cTES _d-13334 _eTS1 _h24604 _i3806 _si |
||
| 999 |
_c3630 _d3630 |
||